01162cam a2200277 a 45000010008000000030004000080050017000120080041000290100017000700200015000870400018001020430012001200500021001320820023001532450172001762600102003483000065004505000064005155040051005796500032006307000020006627000064006827000018007467400044007647400076008082473997OSt20170208094853.0900209s1989 ru af bc 000 0 eng  a 90115891  a5730002599 aDLCcDLCdDLC ae-ur-ru00aNC267b.R86 198900a741.947/074/4722000aRussian drawings, 18th to early 20th century /c[introduction by Gleb Pospelov ; selection by Julia Zabrodina ... et al. ; translated from the Russian by Anna Staros]. aLeningrad :bAurora Art Publishers ;aChicago, Ill. :bImported by Imported Publications,cc1989. a35, [161] p. of plates :bchiefly ill. (some col.) ;c33 cm. aTitle on colophon: Russkiĭ risunok XVIII-nachala XX veka. aIncludes bibliographical references (p. [36]). 0aDrawing, RussianxCatalogs.1 aPospelov, G. G.1 aZabrodina, I︠U︡. M.q(I︠U︡lii︠a︡ Mikhaĭlovna)1 aStaros, Anna.0 aRusskiĭ risunok 18.-nachala 20. veka.0 aRusskiĭ risunok vosemnadt︠s︡atogo-nachala dvadt︠s︡atogo veka.